000 00762nam a2200205 i 4500
001 104337
003 ES-MaACL
005 20230906183556.0
007 t|
008 051128s1975 sp ||||1| spa d
100 1 _aMillares Carlo, Agustín,
_d1893-1980
_981176
245 1 0 _aDescripción y estudio de los impresos de los siglos XV y XVI existentes en la biblioteca de el Museo Canario /
_cAgustín Millares Carlo.
260 _aLas Palmas :
_bCabildo Insular de Gran Canaria,
_c1975.
300 _a134 p. con lám. I-XXIII y 1 lám. ;
_c25 cm.
710 1 _aGran Canaria.
_bCabildo Insular.
_92264
852 _aES-MaACL
_jL-74
_bR.100441
852 _aES-MaACL
_jE-9696
_bR.94074
852 _aES-MaACL
_jA-7049
_bR.96182
999 _c104337
_d104337